000 00468nam a2200181Ia 4500
005 20250326125006.0
008 250326s9999 xx 000 0 und d
037 _aTextbook
040 _aFMSL
_beng
_cFMSL
041 _aeng
_2eng
084 _aX:8K K3;1
_qFMSL
100 _aBigg W
_9738314
245 0 _aCost accounts
_cBigg W
260 _aLondon
_bLondon, Macdonald
_c1963
300 _a416p
942 _cTB
_hX:8K K3;1
999 _c1276074
_d1276074